000 02778cam a2200313 4500500
005 20251228050228.0
041 _afre
042 _adc
100 1 0 _aFerry, Jean-Marc
_eauthor
245 0 0 _aComprendre l'Union européenne en un sens cosmopolitique
260 _c2012.
500 _a59
520 _aLoin d’épouser le schéma d’un État fédéral (inachevé), la structure juridique fondamentale de l’Union européenne est celle d’une union cosmopolitique au sens où Kant en avait exposé l’épure dans « La Paix perpétuelle », selon trois « niveaux de relations du droit public » ( ius civitatis, ius gentium, ius cosmopoliticum). Cependant, la dynamique de l’intégration européenne fait émerger des différenciations déroutantes : entre citoyenneté et nationalité, peuple et nation, autorité et souveraineté, souveraineté négative et souveraineté positive, droit international et droit transnational, État et Constitution. En ce qui concerne l’Europe (cosmo) politique, cela ne va pas sans difficulté. L’Union doit en effet faire face à des difficultés internes de responsabilité, d’autorité, de représentativité politiques – bref de légitimité politique du projet européen lui-même, dont il est urgent de repenser les finalités.
520 _aFar from using the scheme of an (uncomplete) federal State, the fundamental legal structure of the European Union is of a cosmopolitical union as sketched by Kant in « Perpetual Peace » – according three « levels of relationship to public law » ( ius civitatis, ius gentium, ius cosmopoliticum). However, the process of European integration brings out confusing distinctions : between citizenship and nationality, people and nation, authority and sovereignty, negative and positive sovereignty, international and transnational law, State and Constitution. As regards the (cosmo) political Europa, the Union must face internal difficulties of political responsibility, authority, and representativeness – i. e. about the political legitimacy of the European project itself. It is imperative to reconsider its purposes.
690 _acosmopolitisme kantien
690 _aintégration horizontale
690 _aintégration politique
690 _amondialisation
690 _aparticipation civique
690 _aUnion européenne
690 _acivic participation
690 _aEuropean union
690 _aglobalization
690 _ahorizontal integration
690 _akantian cosmopolitanism
690 _apolitical integration
786 0 _nArchives de philosophie | 75 | 3 | 2012-07-30 | p. 395-404 | 0003-9632
856 4 1 _uhttps://shs.cairn.info/revue-archives-de-philosophie-2012-3-page-395?lang=fr&redirect-ssocas=7080
999 _c1580202
_d1580202